Datum a čas kvízu
33
Celkem bodů
Celkový počet nahraných bodů na tomto kvízu bez doplňovacích otázek.
2.
Pořadí na kvízu
Konečné umístění týmu na tomto kvízu.
Zaznamenané odpovědi
| # | Otázka | Odpověď | Body | Výsledky |
|---|---|---|---|---|
| 1. | Minulou neděli dopoledne dosed... | 1 | ||
| 2. | Nejmodernější typ policejního... | 1 | ||
| 3. | Ve zlínském obchodním a zábavn... | 0 | ||
| 5. | Lezec Adam Ondra minulý týden... | 1 | ||
| 6. | Dědictví aneb Kurvahošigutntag... | 1 | ||
| 7. | V Brně na ulici Česká se natáč... | 1 | ||
| 8. | Kterou značku cigaret má Bohuš... | 0 | ||
| 9. | "Však je to sladké jak ___ ___... | 1 | ||
| 10. | Pták, kterého Bohuš koupil Ire... | 1 | ||
| 11. | Koordinovaný světový čas je oz... | 1 |